| 000 | 00348cam a2200145ua 4500 | ||
|---|---|---|---|
| 003 | OSt | ||
| 008 | 250320b |||||||| |||| 00| 0 eng d | ||
| 041 | _aeng | ||
| 082 |
_a623.887 _bWAT/RE |
||
| 100 |
_aWaters, John.M . _97321 |
||
| 245 | _aRescue at Sea / | ||
| 260 |
_a : _bD.Van nostrang company,INC , _c1967. |
||
| 300 | _a264 ; . | ||
| 942 | _cBK | ||
| 999 |
_c1201 _d1201 |
||